[Event "TUR-chT"]
[Site "Kocaeli"]
[Date "2017.08.06"]
[Round "13.6"]
[White "Ozates, Tuna"]
[Black "Karatekin, Tamer"]
[Result "1-0"]
[WhiteElo "2291"]
[BlackElo "2287"]
[PlyCount "99"]
[EventDate "2017.07.26"]
[EventType "team-tourn"]
[EventRounds "13"]
[EventCountry "TUR"]
[SourceTitle "CBM 179 Extra"]
[Source "ChessBase"]
[SourceDate "2017.08.23"]
[SourceVersion "1"]
[SourceVersionDate "2017.08.23"]
[SourceQuality "1"]
[WhiteTeam "Manisa TS Alyans"]
[BlackTeam "Varyant Yontem"]
[WhiteTeamCountry "TUR"]
[BlackTeamCountry "TUR"]

1. d4 e6 2. Nf3 Nf6 3. Bf4 Be7 4. Nbd2 Nh5 5. Bg3 d5 6. e3 Nd7 7. Bd3 c5 8. c3 Qb6 9. Rb1 h6 10. 0-0 Nxg3 11. hxg3 0-0 12. b4 c4 13. Bc2 f5 14. Ba4 Bd6 15. Bxd7 Bxd7 16. Ne5 Be8 17. Ndf3 Qc7 18. Qc2 Bh5 19. Kh2 g5 20. Rh1 Kg7 21. Kg1 Bxf3 22. Nxf3 Rh8 23. Kf1 Kf6 24. Ke2 h5 25. a4 Rag8 26. Rbg1 Rh7 27. Nd2 h4 28. gxh4 gxh4 29. Nf3 Rg4 30. Rh3 Qg7 31. Kf1 Qg8 32. a5 Ke7 33. Qb1 Kd8 34. Qc2 Kc7 35. b5 Kc8 36. Qb1 Qd8 37. b6 a6 38. g3 Qg8 39. Rxh4 Rhxh4 40. Nxh4 f4 41. exf4 Bxf4 42. Qb4 Kd7 43. Qa4+ Ke7 44. Nf3 Qg6 45. Qd1 Bd6 46. Rh1 Re4 47. Kg2 Rg4 48. Rh3 Qe4 49. Rh8 Qg6 50. Qh1 1-0

[Event "TUR-chT"]
[Site "Kocaeli"]
[Date "2017.08.05"]
[Round "12.2"]
[White "Karatekin, Tamer"]
[Black "Benidze, Davit"]
[Result "0-1"]
[WhiteElo "2287"]
[BlackElo "2515"]
[PlyCount "70"]
[EventDate "2017.07.26"]
[EventType "team-tourn"]
[EventRounds "13"]
[EventCountry "TUR"]
[SourceTitle "CBM 179 Extra"]
[Source "ChessBase"]
[SourceDate "2017.08.23"]
[SourceVersion "1"]
[SourceVersionDate "2017.08.23"]
[SourceQuality "1"]
[WhiteTeam "Varyant Yontem"]
[BlackTeam "Kahramanmaras Buyuksehir"]
[WhiteTeamCountry "TUR"]
[BlackTeamCountry "TUR"]

1. c4 b6 2. Nc3 Bb7 3. Nf3 e6 4. e4 c5 5. Be2 Nc6 6. d4 cxd4 7. Nxd4 Nf6 8. 0-0 Qb8 9. a3 Nxd4 10. Qxd4 Bd6 11. h3 h5 12. Bg5 Bc5 13. Qd2 Nxe4 14. Nxe4 Bxe4 15. Rfd1 0-0 16. Qf4 Qb7 17. Qg3 h4 18. Bxh4 f6 19. Bd3 Bd4 20. Qg4 Bxd3 21. Qxd4 Be4 22. Qxd7 Bxg2 23. Qxe6+ Rf7 24. Rd4 Bf3 25. Re1 Raf8 26. Re3 Bc6 27. Qf5 Re7 28. Rg4 Rxe3 29. fxe3 Qe7 30. Qf4 Rf7 31. Qb8+ Kh7 32. Qf4 g5 33. Qf5+ Kg7 34. Rg3 Qd6 35. Qf2 Kf8 0-1

[Event "TUR-chT"]
[Site "Kocaeli"]
[Date "2017.07.29"]
[Round "4.5"]
[White "Karatekin, Tamer"]
[Black "Sanal, Vahap"]
[Result "0-1"]
[WhiteElo "2287"]
[BlackElo "2533"]
[PlyCount "134"]
[EventDate "2017.07.26"]
[EventType "team-tourn"]
[EventRounds "13"]
[EventCountry "TUR"]
[SourceTitle "CBM 179 Extra"]
[Source "ChessBase"]
[SourceDate "2017.08.23"]
[SourceVersion "1"]
[SourceVersionDate "2017.08.23"]
[SourceQuality "1"]
[WhiteTeam "Varyant Yontem"]
[BlackTeam "Istanbul Besiktas"]
[WhiteTeamCountry "TUR"]
[BlackTeamCountry "TUR"]

1. c4 Nf6 2. g3 g6 3. Bg2 Bg7 4. Nc3 0-0 5. Nf3 Nc6 6. 0-0 e5 7. d3 d6 8. Rb1 h6 9. b4 Be6 10. b5 Ne7 11. a4 Qd7 12. Ba3 Bh3 13. c5 Bxg2 14. Kxg2 Rfe8 15. Qb3 Rad8 16. cxd6 cxd6 17. Rfd1 Nh5 18. d4 exd4 19. Nxd4 Qg4 20. f3 Qd7 21. e4 g5 22. Nde2 Be5 23. Rd3 Qe6 24. Nd5 Nxd5 25. Qxd5 Qxd5 26. Rxd5 Nf6 27. Rd3 d5 28. Rbd1 Bc7 29. Nc3 dxe4 30. Nxe4 Nxe4 31. Rxd8 Bxd8 32. fxe4 Bb6 33. Kf3 f5 34. Re1 Rd8 35. Bc1 Rd3+ 36. Be3 Kf7 37. exf5 Ra3 38. Ke4 Rxa4+ 39. Kd5 Rb4 40. Bxb6 Rxb5+ 41. Bc5 b6 42. g4 Rxc5+ 43. Kd6 Kf8 44. Re7 Rd5+ 45. Kxd5 Kxe7 46. Kc6 a5 47. Kb5 Kf6 48. h3 Ke5 49. Ka4 Kd5 50. Kb5 Kd6 51. Ka4 Kc6 52. Kb3 b5 53. Ka3 Kd5 54. Kb3 Kc5 55. Ka3 a4 56. Ka2 b4 57. Kb2 Kd5 58. Ka2 Kd6 59. Kb2 Kc6 60. Ka2 b3+ 61. Kb2 Kd6 62. Kc3 Kc5 63. Kd2 a3 64. Kc3 a2 65. Kb2 Kd5 66. Ka1 Kd4 67. Kb2 Kd3 0-1

[Event "TUR-chT2"]
[Site "Konya"]
[Date "2015.07.26"]
[Round "2.6"]
[White "Ererdem, Gani Eren"]
[Black "Karatekin, Tamer"]
[Result "0-1"]
[WhiteElo "2164"]
[BlackElo "2280"]
[PlyCount "60"]
[EventDate "2015.07.25"]
[EventType "team-swiss"]
[EventRounds "9"]
[EventCountry "TUR"]
[SourceTitle "CBM 167 Extra"]
[Source "ChessBase"]
[SourceDate "2015.09.14"]
[SourceVersion "1"]
[SourceVersionDate "2015.09.14"]
[SourceQuality "1"]
[WhiteTeam "Karaman Belediye"]
[BlackTeam "Canakkale Gokceada"]
[WhiteTeamCountry "TUR"]
[BlackTeamCountry "TUR"]

1. d4 Nf6 2. Nf3 e6 3. c4 b6 4. g3 Bb7 5. Bg2 c5 6. d5 exd5 7. Nh4 g6 8. Nc3 Bg7 9. 0-0 d6 10. Bg5 Qd7 11. cxd5 0-0 12. Qd2 Re8 13. a4 Na6 14. h3 Nb4 15. Bh6 Bxh6 16. Qxh6 Nbxd5 17. Kh2 Re5 18. Nf3 Rh5 19. Qd2 Rd8 20. a5 b5 21. a6 Bc6 22. Rfd1 b4 23. Nxd5 Rxd5 24. Qh6 Rxd1 25. Rxd1 Qe7 26. Qh4 Kg7 27. e4 Qxe4 28. Qg5 h6 29. Qd2 Bb5 30. Nh4 Qe2 0-1

[Event "TUR-chT2"]
[Site "Konya"]
[Date "2015.07.26"]
[Round "3.3"]
[White "Selbes, Tarik"]
[Black "Karatekin, Tamer"]
[Result "0-1"]
[WhiteElo "2329"]
[BlackElo "2280"]
[PlyCount "118"]
[EventDate "2015.07.25"]
[EventType "team-swiss"]
[EventRounds "9"]
[EventCountry "TUR"]
[SourceTitle "CBM 167 Extra"]
[Source "ChessBase"]
[SourceDate "2015.09.14"]
[SourceVersion "1"]
[SourceVersionDate "2015.09.14"]
[SourceQuality "1"]
[WhiteTeam "Izmir Tas Duvar"]
[BlackTeam "Canakkale Gokceada"]
[WhiteTeamCountry "TUR"]
[BlackTeamCountry "TUR"]

1. Nf3 Nf6 2. b3 c5 3. Bb2 e6 4. c4 Be7 5. g3 b6 6. Bg2 Bb7 7. 0-0 0-0 8. Nc3 d5 9. cxd5 Nxd5 10. d4 Nd7 11. Rc1 Rc8 12. Qd2 Nxc3 13. Bxc3 Nf6 14. Bb2 Bd5 15. Rfd1 Rc7 16. Qf4 Bd6 17. Qh4 Ne4 18. Qxd8 Rxd8 19. dxc5 Bxc5 20. e3 f6 21. b4 Bd6 22. Rxc7 Bxc7 23. Nd4 f5 24. Nb5 Bb8 25. f3 Nd6 26. Nc3 Bb7 27. Kf2 Rc8 28. Bf1 Kf7 29. Rd2 Ke7 30. Ba1 g5 31. Nb5 g4 32. Be5 Ne4+ 33. fxe4 Bxe5 34. exf5 Rf8 35. Nd4 exf5 36. Bd3 Kf6 37. Ke2 Rd8 38. Bb1 h5 39. Kf2 h4 40. gxh4 Bxh2 41. Bxf5 g3+ 42. Kf1 g2+ 43. Rxg2 Bxg2+ 44. Kxg2 Be5 45. Be4 Bxd4 46. exd4 Rxd4 47. Kf3 Rxb4 48. h5 Ra4 49. Bd5 Kg5 50. Bb3 Rh4 51. Ke3 Kxh5 52. Kd3 Kg5 53. Bc4 Kf5 54. Kc3 Ke5 55. Kb4 Kd4 56. Ba6 Rh5 57. a4 Rc5 58. Bb5 a5+ 59. Kb3 Rxb5+ 0-1

[Event "TUR-chT2"]
[Site "Konya"]
[Date "2011.07.07"]
[Round "5"]
[White "Karatekin, Tamer"]
[Black "Sivri, Gorkem"]
[Result "1/2-1/2"]
[WhiteElo "2263"]
[BlackElo "2207"]
[PlyCount "88"]
[EventDate "2011.07.04"]
[EventType "team-swiss"]
[EventRounds "9"]
[EventCountry "TUR"]
[SourceTitle "CBM 143 Extra"]
[Source "ChessBase"]
[SourceDate "2011.08.29"]
[SourceVersion "1"]
[SourceVersionDate "2011.08.29"]
[SourceQuality "1"]
[WhiteTeam "Er Bakir"]
[BlackTeam "Azdur Ordu"]
[WhiteTeamCountry "TUR"]
[BlackTeamCountry "TUR"]

1. c4 f5 2. g3 Nf6 3. Bg2 e5 4. Nc3 Nc6 5. d3 g6 6. Nf3 Bg7 7. 0-0 0-0 8. Rb1 d6 9. b4 Nh5 10. c5 f4 11. Qb3+ Kh8 12. b5 Nd4 13. Nxd4 exd4 14. Ne4 Bg4 15. cxd6 Bxe2 16. dxc7 Qxc7 17. Re1 Bg4 18. Ba3 f3 19. Bxf8 Rxf8 20. Bh1 Qe5 21. Rbc1 b6 22. Nc5 Qg5 23. Ne4 Qe5 24. Qc4 Bh6 25. Qc7 Qd5 26. Rc6 Qxa2 27. Qd6 Bg7 28. Ng5 Qd2 29. Qe7 Qxd3 30. Rc7 Qxb5 31. h3 d3 32. Nf7+ Kg8 33. Nh6+ Kh8 34. hxg4 d2 35. gxh5 dxe1Q+ 36. Qxe1 Qe2 37. Qc1 Bxh6 38. Qxh6 Qe1+ 39. Kh2 Qxf2+ 40. Kh3 Qf1+ 41. Kg4 gxh5+ 42. Qxh5 Rg8+ 43. Kf4 Rf8+ 44. Kg4 Rg8+ 1/2-1/2

[Event "TUR-ch"]
[Site "Kemer"]
[Date "2011.02.12"]
[Round "9"]
[White "Karatekin, Tamer"]
[Black "Korkmaz, Necmettin"]
[Result "1-0"]
[WhiteElo "2268"]
[BlackElo "2186"]
[PlyCount "81"]
[EventDate "2011.02.05"]
[EventType "swiss"]
[EventRounds "10"]
[EventCountry "TUR"]
[SourceTitle "CBM 140 Extra"]
[Source "ChessBase"]
[SourceDate "2011.03.01"]
[SourceVersion "1"]
[SourceVersionDate "2011.03.01"]
[SourceQuality "1"]

1. c4 Nf6 2. Nc3 g6 3. d4 Bg7 4. e4 d6 5. Nf3 0-0 6. Be2 e5 7. d5 a5 8. Bg5 h6 9. Be3 Na6 10. Nd2 Kh7 11. 0-0 h5 12. a3 Bh6 13. Bxh6 Kxh6 14. b4 c6 15. dxc6 bxc6 16. b5 Nc5 17. Rb1 a4 18. bxc6 Ra6 19. Rb4 Rxc6 20. Nxa4 Ra6 21. Nxc5 dxc5 22. Rb5 Rd6 23. Qc1 Rxd2 24. Rb2 Nxe4 25. Bf3 Qg5 26. Bxe4 Rxb2 27. Qxb2 f5 28. Bd5 e4 29. Qb6 Qe7 30. Re1 Rf6 31. Qb8 Rf8 32. f3 Qf6 33. Qf4+ g5 34. Qe3 exf3 35. gxf3 Qd6 36. a4 Bd7 37. a5 Re8 38. Qxe8 Bxe8 39. Re6+ Qxe6 40. Bxe6 Bc6 41. a6 1-0

[Event "TUR-ch"]
[Site "Kemer"]
[Date "2011.02.10"]
[Round "7"]
[White "Karatekin, Tamer"]
[Black "Sumer, Gun"]
[Result "1-0"]
[WhiteElo "2268"]
[BlackElo "1807"]
[PlyCount "57"]
[EventDate "2011.02.05"]
[EventType "swiss"]
[EventRounds "10"]
[EventCountry "TUR"]
[SourceTitle "CBM 140 Extra"]
[Source "ChessBase"]
[SourceDate "2011.03.01"]
[SourceVersion "1"]
[SourceVersionDate "2011.03.01"]
[SourceQuality "1"]

1. c4 e6 2. Nc3 d5 3. cxd5 exd5 4. d4 Nf6 5. Bg5 Be7 6. e3 0-0 7. Bd3 Nbd7 8. Nf3 Re8 9. 0-0 Nf8 10. Qc2 c6 11. h3 Ne4 12. Bxe7 Qxe7 13. Bxe4 dxe4 14. Nd2 Bf5 15. Rae1 Qe6 16. Qd1 Qg6 17. Kh2 Qd6+ 18. g3 Re6 19. f4 Qe7 20. g4 Rh6 21. Rg1 Qh4 22. Rg3 Bc8 23. Ncxe4 f5 24. g5 Rg6 25. Nf3 Qh5 26. Nc5 Nd7 27. Qb3+ Kf8 28. Nxd7+ Bxd7 29. Qxb7 1-0

[Event "TUR-ch"]
[Site "Kemer"]
[Date "2011.02.09"]
[Round "6"]
[White "Dogan, Ali Ekber"]
[Black "Karatekin, Tamer"]
[Result "1-0"]
[WhiteElo "2099"]
[BlackElo "2268"]
[PlyCount "86"]
[EventDate "2011.02.05"]
[EventType "swiss"]
[EventRounds "10"]
[EventCountry "TUR"]
[SourceTitle "CBM 140 Extra"]
[Source "ChessBase"]
[SourceDate "2011.03.01"]
[SourceVersion "1"]
[SourceVersionDate "2011.03.01"]
[SourceQuality "1"]

1. d4 Nf6 2. c4 e6 3. g3 c5 4. d5 exd5 5. cxd5 d6 6. Nc3 g6 7. Nf3 Bg7 8. Bg2 0-0 9. 0-0 Re8 10. Nd2 a6 11. a4 Nbd7 12. h3 Rb8 13. Nc4 Ne5 14. Na3 Nh5 15. f4 Nxg3 16. fxe5 Nxf1 17. Qxf1 Bxe5 18. Nc4 Bd4+ 19. e3 Bxc3 20. bxc3 b5 21. axb5 axb5 22. Na5 Qh4 23. Nc6 Rb7 24. Ra8 f5 25. Bd2 Qg3 26. Qf2 Qxf2+ 27. Kxf2 Bd7 28. Ra5 Kf7 29. Bf1 c4 30. Ra6 Kf6 31. Bc1 Bxc6 32. dxc6 Rc7 33. Bg2 Rb8 34. Ba3 Ke5 35. Bb4 d5 36. Ba5 Re7 37. c7 Rc8 38. Rc6 Rd7 39. Rc5 Ke6 40. Rxb5 Rdxc7 41. Bxd5+ Kd6 42. Bxc7+ Rxc7 43. Rb7 Kxd5 1-0

[Event "TUR-ch"]
[Site "Kemer"]
[Date "2011.02.08"]
[Round "5"]
[White "Karatekin, Tamer"]
[Black "Donmez, Yusuf"]
[Result "1/2-1/2"]
[WhiteElo "2268"]
[BlackElo "2113"]
[PlyCount "106"]
[EventDate "2011.02.05"]
[EventType "swiss"]
[EventRounds "10"]
[EventCountry "TUR"]
[SourceTitle "CBM 140 Extra"]
[Source "ChessBase"]
[SourceDate "2011.03.01"]
[SourceVersion "1"]
[SourceVersionDate "2011.03.01"]
[SourceQuality "1"]

1. c4 b6 2. Nc3 Bb7 3. e4 e6 4. d4 Bb4 5. Bd3 f5 6. f3 Nh6 7. h4 Qf6 8. e5 Qg6 9. Kf2 Nc6 10. Nge2 d6 11. Nb5 0-0-0 12. a3 a6 13. Nxc7 Nxd4 14. axb4 dxe5 15. Nd5 exd5 16. c5 bxc5 17. bxc5 Nb5 18. Bg5 Qc6 19. b4 d4 20. Bxh6 Qxh6 21. Bxf5+ Kb8 22. Qd3 e4 23. Bxe4 Bxe4 24. Qxe4 Qe3+ 25. Qxe3 dxe3+ 26. Kg3 Kb7 27. Rhe1 Rd2 28. f4 Re8 29. Kf3 h5 30. Rad1 Na3 31. Nc3 Rf2+ 32. Kg3 Rc2 33. Nd5 Nc4 34. Rd3 Rd2 35. Rc3 Rxd5 36. Rxc4 Rd2 37. Rc3 e2 38. Kf3 Rd4 39. Rxe2 Rxe2 40. Kxe2 Rxf4 41. Rg3 Rxh4 42. Rxg7+ Kb8 43. Rh7 Rxb4 44. Rxh5 a5 45. c6 Kc7 46. Rxa5 Kxc6 47. Re5 Kd6 48. Re3 Rf4 49. Re8 Kd7 50. Re5 Kd6 51. Re3 Rf5 52. Re4 Kd5 53. Ke3 Re5 1/2-1/2

[Event "TUR-chT"]
[Site "Konya"]
[Date "2010.07.07"]
[Round "11"]
[White "Gurcan, Selim"]
[Black "Karatekin, Tamer"]
[Result "1/2-1/2"]
[WhiteElo "2237"]
[BlackElo "2265"]
[PlyCount "61"]
[EventDate "2010.06.29"]
[EventType "team-tourn"]
[EventRounds "13"]
[EventCountry "TUR"]
[SourceTitle "CBM 137 Extra"]
[Source "ChessBase"]
[SourceDate "2010.09.01"]
[SourceVersion "1"]
[SourceVersionDate "2010.09.01"]
[SourceQuality "1"]

1. e4 g6 2. d4 Bg7 3. Nc3 d6 4. Be3 a6 5. Qd2 b5 6. f3 Nd7 7. Rd1 Bb7 8. Nh3 c5 9. d5 Qa5 10. a3 b4 11. Ne2 Bxb2 12. axb4 cxb4 13. Bd4 Bxd4 14. Nxd4 Ngf6 15. Rb1 Nc5 16. Qxb4 Qxb4+ 17. Rxb4 Kd7 18. Nf2 Rhb8 19. Kd2 e6 20. dxe6+ fxe6 21. Be2 Kc7 22. Bc4 a5 23. Rb2 e5 24. Nb5+ Kd7 25. Nc3 Bc6 26. Rhb1 Rxb2 27. Rxb2 Kc7 28. Nfd1 Rb8 29. Rxb8 Kxb8 30. Ne3 Kc7 31. h4 1/2-1/2

[Event "TUR-chT"]
[Site "Konya"]
[Date "2010.07.04"]
[Round "7"]
[White "Reyhan, Dogan Heval"]
[Black "Karatekin, Tamer"]
[Result "0-1"]
[WhiteElo "2325"]
[BlackElo "2265"]
[PlyCount "64"]
[EventDate "2010.06.29"]
[EventType "team-tourn"]
[EventRounds "13"]
[EventCountry "TUR"]
[SourceTitle "CBM 137 Extra"]
[Source "ChessBase"]
[SourceDate "2010.09.01"]
[SourceVersion "1"]
[SourceVersionDate "2010.09.01"]
[SourceQuality "1"]

1. c4 d6 2. g3 g6 3. Bg2 Bg7 4. Nc3 Nc6 5. Nf3 Nf6 6. 0-0 0-0 7. d4 a6 8. b3 Rb8 9. Bb2 b5 10. d5 Na5 11. cxb5 axb5 12. Nd4 b4 13. Na4 e5 14. dxe6 fxe6 15. Nc6 Nxc6 16. Bxc6 Qe7 17. Rc1 Ba6 18. Qd2 e5 19. Rc2 Qe6 20. Rd1 Rf7 21. Qe3 Rbf8 22. Qa7 Bc8 23. Qb8 Qf5 24. Rdc1 Bh6 25. e3 Ng4 26. Qxb4 Nxf2 27. Bd5 Bxe3 28. Bxf7+ Rxf7 29. Qb8 Ne4+ 30. Kh1 Qf3+ 31. Rg2 Qf1+ 32. Rg1 Nf2# 0-1

[Event "TUR-chT"]
[Site "Kocaeli"]
[Date "2008.07.01"]
[Round "14"]
[White "Karatekin, Tamer"]
[Black "Erturan, Yakup"]
[Result "1/2-1/2"]
[WhiteElo "2222"]
[BlackElo "2369"]
[PlyCount "74"]
[EventDate "2008.06.24"]
[EventType "team"]
[EventRounds "15"]
[EventCountry "TUR"]
[SourceTitle "CBM 125 Extra"]
[Source "ChessBase"]
[SourceDate "2008.09.01"]
[SourceVersion "1"]
[SourceVersionDate "2008.09.01"]
[SourceQuality "1"]

1. e4 c5 2. d3 g6 3. g3 Bg7 4. Bg2 e6 5. f4 Ne7 6. Nf3 Nbc6 7. 0-0 d6 8. c3 0-0 9. Na3 b6 10. Be3 Bb7 11. Qd2 Qd7 12. Rad1 Rad8 13. d4 cxd4 14. cxd4 Na5 15. Qd3 Qa4 16. Rc1 Rc8 17. Nd2 Nac6 18. Qb5 Qxb5 19. Nxb5 Ba6 20. Nxd6 Rcd8 21. e5 Bxf1 22. Bxc6 Ba6 23. N2e4 Bd3 24. Nf2 Ba6 25. b4 Nxc6 26. Rxc6 Rd7 27. b5 Bb7 28. Nxb7 Rxb7 29. Bd2 Rd8 30. Bb4 Bf8 31. Bxf8 Kxf8 32. Ne4 Rbd7 33. Nd6 f6 34. Kf2 fxe5 35. dxe5 Kg7 36. g4 h6 37. h4 Rf8 1/2-1/2

[Event "World op 29th"]
[Site "Philadelphia"]
[Date "2001.07.08"]
[Round "9"]
[White "Karatekin, Tamer"]
[Black "Boor, Carl Brandon"]
[Result "1-0"]
[WhiteElo "2309"]
[BlackElo "2140"]
[PlyCount "55"]
[EventDate "2001.06.30"]
[EventType "swiss"]
[EventRounds "9"]
[EventCountry "USA"]
[SourceTitle "EXT 2002"]
[Source "ChessBase"]
[SourceDate "2001.11.25"]
[SourceVersion "1"]
[SourceVersionDate "2001.11.25"]
[SourceQuality "1"]

1. e4 d6 2. d4 Nf6 3. Nc3 g6 4. f4 Bg7 5. Nf3 c5 6. Be3 cxd4 7. Nxd4 Nbd7 8. Bc4 0-0 9. 0-0 Nc5 10. Qf3 Ng4 11. f5 Nxe3 12. Qxe3 Nd7 13. Nd5 Ne5 14. Bb3 Bd7 15. c3 Rc8 16. Rad1 b5 17. Qg5 Re8 18. Nf4 Nc4 19. Qg3 e5 20. fxe6 fxe6 21. Bxc4 Rxc4 22. Nf3 Qb6+ 23. Kh1 Rxe4 24. Ng5 Re5 25. Nxh7 Kxh7 26. Qxg6+ Kg8 27. Nh5 Rxh5 28. Qf7+ 1-0

[Event "Wch U20 37th"]
[Site "Calicut"]
[Date "1998.11.21"]
[Round "5"]
[White "Karatekin, Tamer"]
[Black "Alvarez Marquez, Johan"]
[Result "1/2-1/2"]
[WhiteElo "2325"]
[BlackElo "2200"]
[PlyCount "136"]
[EventDate "1998.11.17"]
[EventType "swiss"]
[EventRounds "13"]
[EventCountry "IND"]
[SourceTitle "CBM 067 Extra"]
[Source "ChessBase"]
[SourceDate "1999.01.01"]
[SourceVersion "1"]
[SourceVersionDate "1999.01.01"]
[SourceQuality "1"]

1. e4 c5 2. Nf3 d6 3. Bb5+ Bd7 4. Bxd7+ Qxd7 5. 0-0 Nc6 6. c3 Nf6 7. d4 g6 8. d5 Ne5 9. Nxe5 dxe5 10. Qe2 Bg7 11. f3 0-0 12. Be3 Rac8 13. Nd2 Ne8 14. c4 Nd6 15. a3 e6 16. Rfc1 exd5 17. cxd5 b6 18. a4 f5 19. b3 fxe4 20. fxe4 Rf7 21. h3 Re8 22. Qd3 Bf6 23. Nc4 Nxc4 24. Qxc4 Ref8 25. Rf1 Bg7 26. a5 Rxf1+ 27. Rxf1 Rxf1+ 28. Kxf1 Bf8 29. Qa6 Qc7 30. Ke2 Bd6 31. axb6 axb6 32. Qa8+ Kg7 33. Qc6 Qxc6 34. dxc6 Kf7 35. Kd3 Ke6 36. Kc4 Bc7 37. Kb5 Bd8 38. b4 cxb4 39. Kxb4 Ke7 40. Kb5 Kd6 41. Bxb6 Bg5 42. c7 Kd7 43. Kc4 Bc1 44. Kd5 Bb2 45. g4 Bc3 46. Bc5 Kxc7 47. Bd6+ Kd7 48. Bxe5 Bb4 49. Bf6 Ba3 50. e5 Bb4 51. e6+ Ke8 52. Be5 Be7 53. Bd6 Bf6 54. Ke4 Bc3 55. h4 Be1 56. h5 Bc3 57. Bc5 Bf6 58. Kf4 gxh5 59. gxh5 Bh4 60. Kf5 Bd8 61. Bd6 Bh4 62. Be5 Be7 63. Bg3 Bd8 64. Bf4 Be7 65. Bg5 Bb4 66. Bh4 Ba5 67. Bf6 Be1 68. Bg5 Ba5 1/2-1/2

[Event "Wch U20 37th"]
[Site "Calicut"]
[Date "1998.11.20"]
[Round "4"]
[White "Dervishi, Erald"]
[Black "Karatekin, Tamer"]
[Result "1/2-1/2"]
[WhiteElo "2430"]
[BlackElo "2325"]
[PlyCount "66"]
[EventDate "1998.11.17"]
[EventType "swiss"]
[EventRounds "13"]
[EventCountry "IND"]
[SourceTitle "CBM 067 Extra"]
[Source "ChessBase"]
[SourceDate "1999.01.01"]
[SourceVersion "1"]
[SourceVersionDate "1999.01.01"]
[SourceQuality "1"]

1. e4 c6 2. d4 d5 3. Nd2 dxe4 4. Nxe4 Bf5 5. Ng3 Bg6 6. h4 h6 7. Nf3 Nf6 8. Ne5 Bh7 9. Bc4 e6 10. Qe2 Nd5 11. Bb3 Nd7 12. Bd2 Nxe5 13. dxe5 a5 14. a4 Qb6 15. 0-0-0 0-0-0 16. Ne4 Bxe4 17. Qxe4 Bb4 18. Bxb4 Nxb4 19. Qf3 Qc7 20. Qg3 g6 21. c3 Nd5 22. Bc2 Rd7 23. Rd4 c5 24. Rd2 Rhd8 25. Rhd1 Nb6 26. Rxd7 Rxd7 27. h5 gxh5 28. Rxd7 Qxd7 29. Qg8+ Kc7 30. Qf8 c4 31. Qxh6 Nxa4 32. Qf4 Nb6 33. Bd1 h4 1/2-1/2

[Event "Panormo zt"]
[Site "Panormo"]
[Date "1998.10.30"]
[Round "7"]
[White "Gogolis, Alexandros"]
[Black "Karatekin, Tamer"]
[Result "0-1"]
[WhiteElo "2260"]
[BlackElo "2325"]
[PlyCount "142"]
[EventDate "1998.10.24"]
[EventType "swiss"]
[EventRounds "11"]
[EventCountry "GRE"]
[SourceTitle "CBM 067 Extra"]
[Source "ChessBase"]
[SourceDate "1999.01.01"]
[SourceVersion "1"]
[SourceVersionDate "1999.01.01"]
[SourceQuality "1"]

1. d4 Nf6 2. Bg5 Ne4 3. h4 d5 4. Nd2 Bf5 5. e3 h6 6. Bf4 Nxd2 7. Qxd2 e6 8. Ne2 Be7 9. h5 Nd7 10. Ng3 Bh7 11. Bd3 Bxd3 12. Qxd3 c5 13. c3 0-0 14. Ne2 Nf6 15. f3 Qb6 16. Rb1 a5 17. Bg3 a4 18. a3 Bd6 19. Bh4 Nh7 20. f4 Qa6 21. Rd1 b5 22. dxc5 Bxc5 23. Nd4 Rae8 24. Nf3 Qa7 25. Kd2 f6 26. Rde1 Qc7 27. f5 e5 28. Qxd5+ Kh8 29. Qe4 Qf7 30. Kc1 Qa2 31. Qb1 Qc4 32. Nd2 Qf7 33. Ne4 Rc8 34. g4 Qb7 35. Rh2 b4 36. axb4 Bxb4 37. Qc2 a3 38. b3 a2 39. Kb2 Qa8 40. Ka1 Rxc3 41. Nxc3 Rc8 42. Rc1 Bxc3+ 43. Qxc3 Rxc3 44. Rxc3 Ng5 45. Bxg5 hxg5 46. Rd2 Kh7 47. Rc7 Qe4 48. Kxa2 Qxg4 49. h6 Qb4 50. Rdc2 Qa5+ 51. Kb2 e4 52. hxg7 Qe5+ 53. Kb1 g4 54. Rd7 Qb8 55. Kb2 g3 56. Rdc7 Qb6 57. Re7 Qd8 58. Rec7 Qd6 59. Ra7 Qe5+ 60. Kb1 Qxf5 61. Rd2 Qc8 62. Rad7 Qg8 63. Kb2 f5 64. Rg2 Qe6 65. Rgd2 Qe5+ 66. Kb1 Qe6 67. Kb2 Qf6+ 68. Kb1 f4 69. exf4 e3 70. Rd1 g2 71. Rg1 Qf5+ 0-1

[Event "Panormo zt"]
[Site "Panormo"]
[Date "1998.10.28"]
[Round "5"]
[White "Grivas, Efstratios"]
[Black "Karatekin, Tamer"]
[Result "1-0"]
[WhiteElo "2520"]
[BlackElo "2325"]
[PlyCount "56"]
[EventDate "1998.10.24"]
[EventType "swiss"]
[EventRounds "11"]
[EventCountry "GRE"]
[SourceTitle "CBM 067 Extra"]
[Source "ChessBase"]
[SourceDate "1999.01.01"]
[SourceVersion "1"]
[SourceVersionDate "1999.01.01"]
[SourceQuality "1"]

1. Nf3 Nf6 2. c4 c5 3. g3 g6 4. b3 Bg7 5. Bb2 b6 6. Bg2 Bb7 7. 0-0 0-0 8. d3 d6 9. Nbd2 Nc6 10. a3 e6 11. Qb1 a5 12. Bc3 Qe7 13. Qb2 d5 14. e3 Rfd8 15. Rfd1 Rd7 16. cxd5 exd5 17. Ne5 Nxe5 18. Bxe5 Re8 19. d4 Ng4 20. Bxg7 Nxf2 21. Bh6 Nxd1 22. Rxd1 g5 23. dxc5 Qxe3+ 24. Kh1 d4 25. c6 Qe2 26. Rf1 Ba8 27. Qb1 Qxd2 28. Qf5 f6 1-0

[Event "Panormo zt"]
[Site "Panormo"]
[Date "1998.10.26"]
[Round "3"]
[White "Supatashvili, Khvicha"]
[Black "Karatekin, Tamer"]
[Result "1-0"]
[WhiteElo "2495"]
[BlackElo "2325"]
[PlyCount "120"]
[EventDate "1998.10.24"]
[EventType "swiss"]
[EventRounds "11"]
[EventCountry "GRE"]
[SourceTitle "CBM 067 Extra"]
[Source "ChessBase"]
[SourceDate "1999.01.01"]
[SourceVersion "1"]
[SourceVersionDate "1999.01.01"]
[SourceQuality "1"]

1. d4 d5 2. c4 c6 3. e3 Bf5 4. Nc3 e6 5. Nf3 Nf6 6. Nh4 Bg4 7. Qb3 Qb6 8. h3 Bh5 9. g4 Bg6 10. Nxg6 hxg6 11. Bg2 Nbd7 12. Bd2 Be7 13. 0-0-0 0-0-0 14. Qa4 Kb8 15. c5 Qc7 16. f4 b6 17. b4 b5 18. Qb3 Ka8 19. Kc2 Rb8 20. Ra1 Kb7 21. a4 a6 22. Ra3 Kc8 23. axb5 axb5 24. Rha1 Rb7 25. Qb1 Nb8 26. Qf1 Qd7 27. Bf3 Ne8 28. Ne2 g5 29. Nc1 Bf6 30. Kc3 Qe7 31. Nd3 g6 32. Bg2 Rf8 33. Qf2 Nc7 34. Kc2 Bg7 35. fxg5 Qxg5 36. e4 Qd8 37. e5 f6 38. exf6 Bxf6 39. Qe3 Nd7 40. g5 Bg7 41. h4 Rf7 42. Bc3 Qh8 43. Rh1 Qh5 44. Raa1 Qg4 45. Bh3 Qe4 46. Rae1 Qxe3 47. Rxe3 Re7 48. Rf1 Ra7 49. Kb3 Kd8 50. Nf4 Nf8 51. Rff3 Kd7 52. Bf1 Ra8 53. Bd3 e5 54. dxe5 Nce6 55. Nxe6 Nxe6 56. Bxg6 d4 57. Rd3 Kc7 58. Bd2 Bxe5 59. Rf5 Bg7 60. h5 Nf8 1-0